000 00711nam a2200289Ia 4500
005 20260324151015.0
008 008 260324s9999 xx 000 0 eng d
020 _a9780429055447
037 _aEBOOK
040 _aCRL
040 _beng
040 _cCRL
041 _2eng
041 _aeng
084 _qCRL
100 _aW. T. S. Stallybrass
_91228405
245 2 _aA Society of States
245 0 _bOr, Sovereignty, Independence, and Equality in a League of Nations
260 _bTaylor and Francis
260 _c1918
365 _a
365 _b150
856 _uhttp://www.taylorfrancis.com/books/9780429055447
942 _cEBOOK
999 _c1838798
_d1838798